[Event "IECC CL5-2012.08 email"]
[Site "IECC email"]
[Date "2012.11.07"]
[Round "?"]
[White "Gorevoy, Michael"]
[Black "Ashkenazi, Gilad"]
[Result "0-1"]
[WhiteElo "1432"]
[BlackElo "1486"]
[PlyCount "50"]
[EventDate "2012.??.??"]
[EventType "tourn (corr)"]
[EventRounds "4"]
[SourceTitle "Telechess CBM 165"]
[Source "ChessBase"]
[SourceDate "2015.03.11"]
[SourceVersion "1"]
[SourceVersionDate "2015.03.11"]
[SourceQuality "1"]
[WhiteTeam "US of America"]
[BlackTeam "Israel"]
[WhiteTeamCountry "USA"]
[BlackTeamCountry "ISR"]

1. e4 e5 2. Nf3 Nc6 3. d4 exd4 4. Bc4 Nf6 5. 0-0 Bc5 6. e5 d5 7. exf6 dxc4 8. Re1+ Be6 9. Ng5 Qd5 10. Nc3 Qf5 11. Nce4 0-0-0 12. Nxc5 Qxc5 13. Rxe6 fxe6 14. Nxe6 Qe5 15. Nxd8 Rxd8 16. fxg7 Qxg7 17. Bf4 d3 18. c3 Re8 19. Qa4 Qg4 20. Be3 Rg8 21. g3 Ne5 22. Qxa7 Nf3+ 23. Kg2 Nh4+ 24. Kf1 Qh3+ 25. Ke1 Nf3+ 0-1

[Event "IECC CL5-2012.03 email"]
[Site "IECC email"]
[Date "2012.04.09"]
[Round "?"]
[White "Gorevoy, Michael"]
[Black "Jewell, Barry"]
[Result "1-0"]
[WhiteElo "1450"]
[BlackElo "1561"]
[PlyCount "125"]
[EventDate "2012.??.??"]
[EventType "tourn (corr)"]
[EventRounds "4"]
[SourceTitle "Telechess CBM 165"]
[Source "ChessBase"]
[SourceDate "2015.03.11"]
[SourceVersion "1"]
[SourceVersionDate "2015.03.11"]
[SourceQuality "1"]
[WhiteTeam "US of America"]
[BlackTeam "Canada"]
[WhiteTeamCountry "USA"]
[BlackTeamCountry "CAN"]

1. e4 c5 2. Nf3 d6 3. c3 Nf6 4. h3 Nc6 5. Bd3 a6 6. 0-0 b5 7. Bc2 e5 8. Re1 Qc7 9. d3 Be7 10. Be3 0-0 11. Nbd2 Bd7 12. Qe2 Nh5 13. Nxe5 dxe5 14. Qxh5 Nd4 15. Bd1 g6 16. Qh6 Ne6 17. Nf3 Kh8 18. d4 exd4 19. cxd4 cxd4 20. Nxd4 Bf6 21. Nxe6 Bxe6 22. Re2 Bg7 23. Qg5 f6 24. Qh4 g5 25. Qh5 Bf7 26. Qf3 Bg6 27. Bd4 Qc4 28. Rd2 Qb4 29. Qe3 Rfe8 30. f3 Rac8 31. Bc3 Qe7 32. a3 f5 33. Bxg7+ Qxg7 34. Qxg5 fxe4 35. fxe4 Rxe4 36. Bf3 Re5 37. Qh4 Rce8 38. Rad1 Qe7 39. Qd4 Qc5 40. Qxc5 Rxc5 41. Rd8 Rce5 42. Rxe8+ Rxe8 43. Rd6 a5 44. Ra6 a4 45. Rb6 Bd3 46. Bc6 Re1+ 47. Kh2 Rb1 48. Bxb5 Rxb2 49. Rb8+ Kg7 50. Rb7+ Kf6 51. Ba6 Rxb7 52. Bxb7 Ke5 53. g4 Kd4 54. Bc8 Kc3 55. Bf5 Bc4 56. Bxh7 Kb3 57. g5 Kxa3 58. g6 Bd3 59. h4 Kb2 60. h5 a3 61. Bg8 Kc3 62. Kg3 Kd4 63. Kf4 1-0

[Event "IECC CL5-2012.03 email"]
[Site "IECC email"]
[Date "2012.04.09"]
[Round "?"]
[White "Hargreaves, John Richard"]
[Black "Gorevoy, Michael"]
[Result "1-0"]
[WhiteElo "1673"]
[BlackElo "1470"]
[PlyCount "65"]
[EventDate "2012.??.??"]
[EventType "tourn (corr)"]
[EventRounds "4"]
[SourceTitle "Telechess CBM 165"]
[Source "ChessBase"]
[SourceDate "2015.03.11"]
[SourceVersion "1"]
[SourceVersionDate "2015.03.11"]
[SourceQuality "1"]
[WhiteTeam "England"]
[BlackTeam "US of America"]
[WhiteTeamCountry "ENG"]
[BlackTeamCountry "USA"]

1. d4 Nf6 2. Nf3 c5 3. d5 d6 4. Nc3 g6 5. e4 Bg7 6. Be2 a6 7. a4 0-0 8. 0-0 Bg4 9. Bf4 Nbd7 10. Re1 Qc7 11. Qd2 Rfb8 12. a5 b6 13. axb6 Rxb6 14. b3 a5 15. Qe3 Rb4 16. h3 Bxf3 17. Qxf3 Ne8 18. Bd2 Rbb8 19. Nb5 Qb6 20. Ra4 Nc7 21. Nxc7 Qxc7 22. Rb1 Ra7 23. Qg4 Rba8 24. Bb5 Nb6 25. Ra3 a4 26. bxa4 Nxa4 27. Rxa4 Rxa4 28. Bxa4 Rxa4 29. Qd7 Qxd7 30. Rb8+ Bf8 31. Bh6 Ra1+ 32. Kh2 Qxh3+ 33. gxh3 1-0